banner-ar

UNE CHAPELLE D'HATSHEPSOUT A'KARNAK TEXTE ET PLANCHES / (Record no. 16003)

MARC details
000 -الفاتح
حقل البيانات ثابتة الطول 00656nam a2200253Ia 4500
008 - عناصر البيانات ثابتة الطول - معلومات عامة
حقل البيانات ثابتة الطول 140319s9999 xx 000 0 eng d
040 ## - مصدر الفهرسة
وكالة الفهرسة الأصلية GCL /
وكالة النسخ GCL
082 04 - رقم تصنيف ديوى العشرى
رقم التصنيف CC
رقم المادة 932
-- L C
100 1# - المدخل الرئيسى - إسم شخصى
الإسم الشخصى LACAU, PIERRE
245 10 - بيان العنوان
العنوان UNE CHAPELLE D'HATSHEPSOUT A'KARNAK TEXTE ET PLANCHES /
بيان المسئوليه,etc LACAU, PIERRE
700 1# - المدخل الاضافى - اسم شخصى
الإسم الشخصى CHEVRIER, HENRI
260 ## - PUBLICATION, DISTRIBUTION, ETC. (IMPRINT)
تاريخ النشر أو التوزيع 1979
300 ## - الوصف المادى
التعداد 465
650 04 - المدخل الاضافى بالموضوع-مصطلح موضوعى
مصطلح موضوعي ANCIENT EGYPT
650 04 - المدخل الاضافى بالموضوع-مصطلح موضوعى
مصطلح موضوعي HISTORY
650 04 - المدخل الاضافى بالموضوع-مصطلح موضوعى
مصطلح موضوعي ART
650 04 - المدخل الاضافى بالموضوع-مصطلح موضوعى
مصطلح موضوعي ART- EGYPT
650 04 - المدخل الاضافى بالموضوع-مصطلح موضوعى
مصطلح موضوعي ARCHITECTURE
650 04 - المدخل الاضافى بالموضوع-مصطلح موضوعى
مصطلح موضوعي ARCHAEOLOGY
650 04 - المدخل الاضافى بالموضوع-مصطلح موضوعى
مصطلح موضوعي EGYPTOLOGY
650 04 - المدخل الاضافى بالموضوع-مصطلح موضوعى
مصطلح موضوعي TEMPLES
942 ## - عناصر المدخل الإضافي( كوها)
مصدر التصنيف او مخطط الترفيف Dewey Decimal Classification
Koha [default] item type كتاب
260 ## - PUBLICATION, DISTRIBUTION, ETC. (IMPRINT)
-- [S.N] :
-- SERVICE DES ANTIQUITES DE L'EGYPTE ،
Holdings
حالة التراجع حالة الفقد حالة تلف ليس للاعارة المكان المؤقت الموقع الحالى تاريخ الاكتساب اجمالي اﻻعارات رقم الطلب الباركود تاريخ اخر مشاهدة تاريخ تفعيل السعر نوع وعاء كوها
        مكتبة القاهرة الكبرى مكتبة القاهرة الكبرى 03/26/2014   CC\932\L C 29321 03/26/2014 03/26/2014 كتاب
        مكتبة القاهرة الكبرى مكتبة القاهرة الكبرى 03/26/2014   CC\932\L C 29322 03/26/2014 03/26/2014 كتاب
        مكتبة القاهرة الكبرى مكتبة القاهرة الكبرى 03/26/2014   CC\932\L C 29323 03/26/2014 03/26/2014 كتاب
        مكتبة القاهرة الكبرى مكتبة القاهرة الكبرى 03/26/2014   CC\932\L C 29324 03/26/2014 03/26/2014 كتاب

Powered By

EGPV